Zasadanie medzinárodnej komisie mládeže CTIF na Slovensku

Bibliographic Details
Main Author: Bäuml, Karol (Author)
Format: Article
Language:Slovak
Subjects:

MARC

LEADER 00000nab a2200000 a 4500
001 vtls000643563
003 SK-MaSNL
005 20260302184029.0
008 140617c1997 xo 0 slo
015 |a SNBRB19rr/mm-uuuuu 
035 |a CL0643702 
040 |a SNKBUCL  |b slo  |c SNKBUCL  |e AACR2 
041 0 |a slo 
044 |a xo  |c SK 
080 |a 614.842.8:061.23:061.3  |2 1981 
100 1 |a Bäuml, Karol  |4 aut  |9 875736 
245 1 0 |a Zasadanie medzinárodnej komisie mládeže CTIF na Slovensku  |c Karol Bäuml 
650 0 7 |a Medzinárodný výbor pre prevenciu a hasenie požiarov  |2 snkbucl  |9 898560 
655 7 |a články z novín a časopisov  |2 snkbucl  |9 267496 
773 0 |t Požiarnik  |g Roč. 74, č. 12 (1997), s. 4 
850 |a Slovenská národná knižnica v Martine  |a MTA001 
852 |a SNK  |b KIS3GCP 
957 |a 5306 
958 |a ME 
958 |a RK 
992 |a RBX 
999 |c 1423951  |d 1425881